2019 Washington Nationals World Series Roster - Statistics

General Stats
  • This quiz has been taken 661 times
    645 since last reset
  • The average score is 16 of 25
Answer Stats
Position Player % Correct
SP Max Scherzer
96%
OF Juan Soto
94%
SP Stephen Strasburg
94%
SS Trea Turner
90%
3B Anthony Rendon
89%
1B Ryan Zimmerman
88%
SP Patrick Corbin
81%
C Kurt Suzuki
78%
DH Howie Kendrick
76%
OF Victor Robles
73%
RP Sean Doolittle
69%
OF Adam Eaton
68%
C Yan Gomes
68%
SP Anibal Sanchez
65%
RP Daniel Hudson
64%
OF Michael Taylor
56%
2B Asdrubal Cabrera
52%
SP Joe Ross
52%
1B Matt Adams
44%
2B Brian Dozier
40%
OF Gerardo Parra
39%
RP Fernando Rodney
38%
RP Tanner Rainey
38%
RP Wander Suero
28%
RP Javy Guerra
15%
No matching quizzes found
Score Distribution
Percent of People with Each Score
Percentile by Number Answered
Your Score History
You have not taken this quiz since the last reset